000 00933nas a2200313 4500
001 BR0201297
003 BR-BrBNA
005 20231205102808.0
007 ta
008 230509b bl.|||p| |||| 00| 00por d
040 _aBR-BrBNA
_bpor
_cBiblioteca Nacional de Agricultura
041 _a(Pt)
072 _aF02; F62
100 1 _aScalon, S. de P.Q.
100 1 _aScalon Filho, H.
100 1 _aRigoni, M.R.
100 1 _aVeraldo, F.
245 1 _aGerminação e crescimento de mudas de pitangueira (Eugenia uniflora L.)sob condições de sombreamento
650 _aPITANGA
650 _aSOMBREAMENTO
650 _aGERMINAÇÃO
650 _aCRESCIMENTO
650 _aMUDA
650 _aSEMENTE
650 _aFRUTA TROPICAL
773 0 _tRevista Brasileira de Fruticultura (Brazil)
_xISSN 0100-2945
_g(Dec 2001), v. 23(3) p. 652-655
_wBR0201297
909 _a202311
_bLúcia
_c55
_dLúcia Elande
942 _2AGRIS
_n0
_cANA
999 _c169365
_d169365